| 000 | 01824naa a2200313 a 4500 | ||
|---|---|---|---|
| 999 |
_c324431 _d324431 |
||
| 003 | BLK | ||
| 005 | 20250314171411.0 | ||
| 008 | 180913b bul||||| |||| 00| 0 bul d | ||
| 020 | _a978-619-7378-37-5 | ||
| 040 | _aBLK | ||
| 041 |
_aBUL _cBUL |
||
| 080 |
_aЛитература на отделни езици и езикови семейства _b821 _x-93-34 _z821-93-34 |
||
| 139 |
_aЛюбими приказки за най-малките _bЛ 95 |
||
| 245 |
_aЛюбими приказки за най-малките _cил. Йост Крамар ; прев. от рус. Стефана Кръстева |
||
| 257 | _aBGR | ||
| 260 |
_c2017 _9209525 _aСофия _bЗнание _n978-954-621- |
||
| 300 |
_a128 с. _bс цв. ил. _c28 см |
||
| 380 | _aDX | ||
| 500 | _aОриг. загл.: Любимые сказки для самых маленьких. - Съдържа: Котаракът Котофеич ; Котаракът, петелът и лисицата ; Житената питка ; Двете весели гъски ; Златокоска и трите мечки ; Трите прасенца ; Кокошката Калина ; Червената шапчица ; Вълкът и седемте козлета ; Маша и мечокът ; На страха очите са големи ; Колибката ; Дядо вади ряпа ; Дядовата ръкавичка ; Котаракът в чизми | ||
| 700 |
_9599 _aКрамар, Йост _eил. |
||
| 700 |
_9310001 _aКръстева, Цветана _eпрев. |
||
| 765 | _aЛюбимые сказки для самых маленьких | ||
| 852 | _aЦб ІІ 22607 | ||
| 942 |
_cKNG _2udc _n0 _s1 _025 |
||
| 999 | _d324431 | ||
| 999 | _d324431 | ||
| 999 | _d324431 | ||
| 944 |
_k30543 _lИва Цветкова |
||